000
00280nam a22001217a 4500
008
181030b xxu||||| |||| 00| 0 eng d
041
_a
eng
080
_2
18 ED
_a
030
100
_a
27
101
_a
ENC
245
_a
Encyclopedia Of Social Work
_c
rOSINA.b m
942
_2
udc
_c
BK
999
_c
51168
_d
51168